000 00489nam a2200169 i 4500
001 33515
003 ES-MaACL
005 20230906154754.0
007 t|
008 030202s1967 sp ||||1| spa d
130 0 _aBiblia.
_pA.T.
_pSalmos.
_lEspañol.
_9119277
245 1 3 _aLos Salmos /
_cJosé María Bollegui.
260 _a[Bilbao] :
_bEdiciones Paulinas,
_c[1967]
300 _a623 p. ;
_c19 cm.
700 1 _aBollegui, José María.
_929984
852 _aES-MaACL
_jC-51525
_bR.68382
999 _c33515
_d33515